[Event "I LIGA CS 2016"]
[Site "Kragujevac"]
[Date "2016.09.16"]
[Round "9.1"]
[White "Ratkovic, Miloje"]
[Black "Enchev, Ivajlo"]
[Result "0-1"]
[WhiteElo "2414"]
[BlackElo "2451"]
[PlyCount "94"]
[EventDate "2016.??.??"]
[WhiteClock "0:00:59"]
[BlackClock "0:28:53"]

1. d4 Nf6 2. c4 e6 3. Nf3 Bb4+ 4. Bd2 Bxd2+ 5. Qxd2 b6 6. Nc3 Bb7 7. Qc2 d6 8.
e4 e5 9. O-O-O exd4 10. Nxd4 Nbd7 11. f3 O-O 12. h4 Ne5 13. h5 Re8 14. Be2 Nc6
15. Nf5 Bc8 16. g4 Bxf5 17. gxf5 h6 18. Qd2 Kh8 19. Rdg1 Rc8 20. Bd1 Ne5 21.
Qg2 Rg8 22. Qe2 Qe7 23. f4 Ned7 24. Rh3 c6 25. Rhg3 b5 26. Bc2 bxc4 27. Qg2 Qf8
28. Qf2 Rb8 29. Re1 d5 30. e5 Qb4 31. Nd1 d4 32. a3 Qa5 33. exf6 Nxf6 34. Re5
Qb6 35. Qf3 Rgd8 36. Rg2 d3 37. Ba4 c3 38. Nxc3 d2+ 39. Rxd2 Rxd2 40. Kxd2
Qxb2+ 41. Ke1 Qxa3 42. Bd1 Rd8 43. Qxc6 Qc1 44. Qc5 Rd3 45. Qf8+ Kh7 46. Qxf7
Qd2+ 47. Kf1 Qxf4+ 0-1

[Event "I LIGA CS 2016"]
[Site "Kragujevac"]
[Date "2016.09.16"]
[Round "9.2"]
[White "Radovanovic, Nikola"]
[Black "Milanovic, Slavisa"]
[Result "1-0"]
[WhiteElo "2396"]
[BlackElo "2395"]
[PlyCount "117"]
[EventDate "2016.??.??"]
[WhiteClock "0:13:56"]
[BlackClock "0:08:34"]

1. d4 Nf6 2. c4 e6 3. Nc3 Bb4 4. e3 b6 5. Nge2 Ba6 6. Ng3 Bxc3+ 7. bxc3 d5 8.
Ba3 Bxc4 9. Bxc4 dxc4 10. Qa4+ Qd7 11. Qxc4 Qc6 12. Qxc6+ Nxc6 13. c4 O-O-O 14.
Rc1 Kb7 15. Ke2 Rd7 16. Bb2 Rhd8 17. Rhd1 Ne8 18. Bc3 f6 19. f3 a5 20. a3 Nd6
21. Be1 Nc8 22. h4 e5 23. d5 Nb8 24. e4 c6 25. Rb1 a4 26. Bf2 Na6 27. Rb2 c5
28. Kd3 Ka7 29. Ne2 Nd6 30. Rdb1 Rb7 31. Nc3 Nb8 32. Nxa4 Nd7 33. Nc3 Kb8 34.
a4 Kc7 35. Be1 Ra7 36. Ra2 Rda8 37. Rba1 Kd8 38. Bd2 Nb8 39. Nb5 Nxb5 40. cxb5
Nd7 41. Kc4 Kc7 42. a5 Kd6 43. Kb3 f5 44. axb6 Rxa2 45. Rxa2 Rxa2 46. Kxa2 fxe4
47. fxe4 Nxb6 48. Kb3 Nd7 49. Bg5 Kc7 50. Kc4 h5 51. Be7 Kb6 52. Bd6 g6 53. Be7
Kc7 54. Bxc5 Nf6 55. Kd3 Ng4 56. Be3 Nf6 57. Bg5 Ng4 58. Ke2 Nh2 59. Kf2 1-0

[Event "I LIGA CS 2016"]
[Site "Kragujevac"]
[Date "2016.09.16"]
[Round "9.4"]
[White "Novoselski, Zoran"]
[Black "Ivanovic, Dragutin"]
[Result "0-1"]
[WhiteElo "2323"]
[BlackElo "2291"]
[PlyCount "108"]
[EventDate "2016.??.??"]
[WhiteClock "0:44:07"]
[BlackClock "0:20:19"]

1. e4 d6 2. d4 g6 3. Nf3 Bg7 4. Bc4 Nf6 5. Qe2 O-O 6. O-O c6 7. Bb3 Bg4 8. Rd1
Qc7 9. Nbd2 Nh5 10. Nf1 Nd7 11. h3 Bxf3 12. Qxf3 e5 13. c3 Rae8 14. g4 Nhf6 15.
Ng3 d5 16. exd5 Nxd5 17. Bxd5 cxd5 18. Qxd5 exd4 19. cxd4 Nb6 20. Qf3 Qd7 21.
Bf4 Nd5 22. Rac1 b6 23. Be5 Bxe5 24. dxe5 Rxe5 25. Rc4 Qe6 26. Rcd4 Qf6 27. Nf5
gxf5 28. Rxd5 Rfe8 29. gxf5 h6 30. R1d4 Kh7 31. Rg4 Rxd5 32. Qxd5 Rd8 33. Qe4
a5 34. a4 Kh8 35. b3 Kh7 36. Rg3 Rd4 37. Qa8 Rd8 38. Qf3 Re8 39. Kg2 Rd8 40.
Rg4 Kh8 41. Rc4 Kh7 42. h4 Rg8+ 43. Rg4 Rd8 44. Kh3 Re8 45. Rc4 Rg8 46. Rc3 Qe5
47. Rd3 Rg1 48. f6 Qe6+ 49. Kh2 Rg4 50. h5 Qe5+ 51. Kh1 Qxh5+ 52. Qh3 Rh4 53.
Kg2 Rxh3 54. Rxh3 Qg6+ 0-1

[Event "I LIGA CS 2016"]
[Site "Kragujevac"]
[Date "2016.09.16"]
[Round "9.5"]
[White "Vuckovic, Branko"]
[Black "Radovic, Janko"]
[Result "1/2-1/2"]
[WhiteElo "2263"]
[BlackElo "2258"]
[PlyCount "77"]
[EventDate "2016.??.??"]
[WhiteClock "0:13:56"]
[BlackClock "0:02:40"]

1. e4 c5 2. Nf3 d6 3. d4 cxd4 4. Nxd4 Nf6 5. Nc3 a6 6. Be2 e5 7. Nb3 Be7 8. Bg5
Nbd7 9. a4 h6 10. Bh4 b6 11. Nd2 Bb7 12. Nc4 Qc7 13. f3 O-O 14. Ne3 g6 15. O-O
Rac8 16. Bc4 Ng4 17. Nxg4 Bxh4 18. Bb3 Bg5 19. Qe1 h5 20. Nf2 Nc5 21. Bd5 Qd7
22. Bxb7 Qxb7 23. Nd5 Ne6 24. c3 Nc7 25. Rd1 Qc6 26. Qe2 Nxd5 27. Rxd5 Qxa4 28.
Rxd6 Rfd8 29. Rfd1 Rxd6 30. Rxd6 Rd8 31. Rxd8+ Bxd8 32. g3 Be7 33. Kg2 Bc5 34.
Nd3 Qb5 35. Qc2 Bd6 36. f4 exf4 37. Nxf4 Bxf4 38. gxf4 Qc6 39. Qd3 1/2-1/2

[Event "I LIGA CS 2016"]
[Site "Kragujevac"]
[Date "2016.09.16"]
[Round "9.6"]
[White "Radovic, Luka"]
[Black "Dragicevic, Dragan"]
[Result "1-0"]
[WhiteElo "2254"]
[BlackElo "2221"]
[PlyCount "57"]
[EventDate "2016.??.??"]
[WhiteClock "0:04:58"]
[BlackClock "0:02:05"]

1. Nf3 Nf6 2. g3 g6 3. Bg2 Bg7 4. O-O O-O 5. c4 d6 6. Nc3 c6 7. d3 Bg4 8. Rb1
Qc8 9. Re1 c5 10. a3 Nc6 11. b4 Nd7 12. Bd2 Nd4 13. bxc5 Bxf3 14. exf3 Nxc5 15.
Nd5 Nc6 16. Rxe7 Qd8 17. Re3 Rc8 18. Bc3 Bxc3 19. Nxc3 Nd4 20. Nd5 Kg7 21. Qd2
f6 22. Re7+ Rf7 23. Rbe1 Qf8 24. Qb2 Ncb3 25. R7e4 Rd8 26. Rxd4 Nxd4 27. Qxd4
Re8 28. Re4 b6 29. h4 1-0

[Event "I LIGA CS 2016"]
[Site "Kragujevac"]
[Date "2016.09.16"]
[Round "9.13"]
[White "Ristic, Nenad"]
[Black "Pikula, Dejan"]
[Result "1/2-1/2"]
[WhiteElo "2416"]
[BlackElo "2433"]
[PlyCount "20"]
[EventDate "2016.??.??"]
[WhiteClock "1:32:55"]
[BlackClock "1:33:45"]

1. Nf3 d5 2. c4 c6 3. e3 Nf6 4. Nc3 a6 5. d4 Bf5 6. Bd3 Bg6 7. O-O e6 8. Qe2
Bb4 9. Ne5 Bxd3 10. Qxd3 Nbd7 1/2-1/2

[Event "I LIGA CS 2016"]
[Site "Kragujevac"]
[Date "2016.09.16"]
[Round "9.15"]
[White "Todorovic, Goran N"]
[Black "Jovanovic, Sasa M"]
[Result "0-1"]
[WhiteElo "2350"]
[BlackElo "2244"]
[PlyCount "72"]
[EventDate "2016.??.??"]
[WhiteClock "0:02:31"]
[BlackClock "0:06:24"]

1. c4 e5 2. Nc3 Nc6 3. Nf3 f5 4. d4 e4 5. Nd2 Nf6 6. Ndb1 h6 7. e3 Bb4 8. a3
Bxc3+ 9. Nxc3 d6 10. Be2 O-O 11. d5 Ne5 12. Qd4 Nfd7 13. b4 a5 14. Bb2 axb4 15.
axb4 Rxa1+ 16. Bxa1 Qg5 17. g3 b6 18. Nb5 Ba6 19. Nxc7 Bxc4 20. Ne6 Qe7 21.
Nxf8 Qxf8 22. Qd1 Nd3+ 23. Bxd3 exd3 24. O-O Qa8 25. Qh5 d2 26. Qg6 Ne5 27.
Bxe5 dxe5 28. Qe6+ Kh8 29. Rb1 Bxd5 30. Qxe5 Qc6 31. Qb2 Qc4 32. Rd1 Qe4 33.
Kf1 Qh1+ 34. Ke2 Bf3+ 35. Kxd2 Qxd1+ 36. Kc3 Bd5 0-1

[Event "I LIGA CS 2016"]
[Site "Kragujevac"]
[Date "2016.09.16"]
[Round "9.16"]
[White "Cirakovic, Ivan"]
[Black "Rajkovic, Dusan"]
[Result "0-1"]
[WhiteElo "2165"]
[BlackElo "2367"]
[PlyCount "66"]
[EventDate "2016.??.??"]
[WhiteClock "0:17:36"]
[BlackClock "0:24:23"]

1. e4 c5 2. Nc3 Nc6 3. g3 g6 4. Bg2 Bg7 5. f4 d6 6. Nf3 e5 7. O-O exf4 8. gxf4
Bg4 9. d3 Nge7 10. Ne2 Qd7 11. c3 O-O 12. Qe1 d5 13. Qf2 dxe4 14. dxe4 b6 15.
Be3 Rad8 16. Rae1 Be6 17. a3 Bc4 18. Kh1 Ba6 19. Rg1 Bb7 20. Qh4 Rfe8 21. Ng3
f6 22. Rgf1 Qe6 23. Bc1 Bc8 24. f5 Qc4 25. e5 Qxh4 26. Nxh4 Nxe5 27. Rxe5 fxe5
28. f6 Bxf6 29. Rxf6 Nf5 30. Bg5 Rd1+ 31. Nf1 Nxh4 32. Bxh4 e4 33. Rf2 Ba6 0-1

[Event "I LIGA CS 2016"]
[Site "Kragujevac"]
[Date "2016.09.16"]
[Round "9.17"]
[White "Stankovic, Dragan P"]
[Black "Vojinovic, Luka"]
[Result "0-1"]
[WhiteElo "2208"]
[BlackElo "2152"]
[PlyCount "74"]
[EventDate "2016.??.??"]
[WhiteClock "0:03:56"]
[BlackClock "0:07:39"]

1. g3 d5 2. Nf3 Nf6 3. Bg2 g6 4. O-O Bg7 5. d3 O-O 6. Nbd2 c5 7. e4 Nc6 8. h3
b6 9. Re1 Bb7 10. exd5 Nxd5 11. Nc4 Re8 12. a4 a6 13. c3 Qc7 14. Qb3 Rab8 15.
Ng5 e6 16. Ne4 Ba8 17. Qc2 h6 18. Ne3 Nce7 19. Nxd5 Nxd5 20. Nd2 b5 21. axb5
axb5 22. Nf1 b4 23. Bd2 bxc3 24. bxc3 Red8 25. Rab1 Qc6 26. Rec1 Rxb1 27. Rxb1
Qd7 28. Rd1 Bc6 29. Qc1 Qb7 30. Kh2 Ne7 31. Bxc6 Nxc6 32. Bf4 g5 33. Be3 Ne5
34. Nd2 Rxd3 35. Qb1 Qc6 36. Qb8+ Kh7 37. Qb1 f5 0-1

[Event "I liga CS 2016."]
[Site "Kragujevac,hotel Sumarice"]
[Date "2016.09.16"]
[Round "9.2"]
[White "Vlajkovic, Stanko"]
[Black "Milosevic, Boban"]
[Result "0-1"]
[WhiteElo "1959"]
[BlackElo "2283"]
[PlyCount "106"]
[EventDate "2016.09.10"]

1. Nf3 Nf6 2. b3 d5 3. e3 Bf5 4. d4 e6 5. Bb2 Be7 6. Nbd2 O-O 7. Nh4 Ne4 8.
Nxf5 exf5 9. a3 Bd6 10. Nf3 Nd7 11. Bd3 Re8 12. O-O Qf6 13. c4 c6 14. cxd5 cxd5
15. Bb5 Re7 16. Bxd7 Rxd7 17. Ne5 Rc7 18. Rc1 Rac8 19. Rxc7 Rxc7 20. b4 Qe6 21.
f3 Nf6 22. Re1 Re7 23. Qa4 a6 24. Nd3 Nd7 25. Qa5 Nb6 26. Bc1 Bc7 27. b5 Nc4
28. Qa4 Qd7 29. Nc5 Qxb5 30. Qc2 g6 31. e4 Bd6 32. Na4 fxe4 33. fxe4 dxe4 34.
Nc3 Qa5 35. Re2 Bxa3 36. Nxe4 Bxc1 37. Qxc1 Rxe4 38. Rxe4 Qd5 39. Rh4 h5 40.
Qf4 Kg7 41. g4 hxg4 42. Qh6+ Kf6 43. Rxg4 Nd6 44. Qh8+ Ke6 45. Qh3 Nf5 46. Qh8
Kd7 47. Rf4 a5 48. Qa8 Nxd4 49. Kf2 Nf5 50. Qa7 Kc6 51. h4 Qd2+ 52. Kf3 Qd3+
53. Kg2 Qg3+ 0-1

[Event "I liga CS 2016."]
[Site "Kragujevac,hotel Sumarice"]
[Date "2016.09.16"]
[Round "9.3"]
[White "Dimitrov, Radoslav"]
[Black "Zajic, Milan"]
[Result "0-1"]
[WhiteElo "2489"]
[BlackElo "2483"]
[PlyCount "88"]
[EventDate "2016.09.10"]

1. e4 c5 2. Nc3 Nc6 3. g3 g6 4. Bg2 Bg7 5. d3 d6 6. Nh3 e6 7. O-O Nge7 8. f4
O-O 9. Ne2 e5 10. c3 d5 11. Ng5 d4 12. cxd4 cxd4 13. Bd2 a5 14. Qb3 a4 15. Qa3
f6 16. Nf3 h6 17. b3 Be6 18. bxa4 Qd7 19. Rab1 Ra6 20. Rb5 Rfa8 21. Rfb1 Rxa4
22. Qc1 Rxa2 23. Rxb7 Qd6 24. Nh4 Qa3 25. Qxa3 R8xa3 26. Bb4 Nxb4 27. Rxe7 Ra1
28. Rf1 Bg4 29. Nc1 g5 30. fxg5 hxg5 31. Nf5 Bf8 32. Re8 Bxf5 33. exf5 Rc3 34.
Ne2 Rxf1+ 35. Bxf1 Rxd3 36. g4 Re3 37. Ng3 Kf7 38. Rc8 Bd6 39. Bc4+ Ke7 40. Kf2
e4 41. Ne2 Rf3+ 42. Kg2 Nc2 43. Kg1 d3 44. Nc3 Ne3 0-1

[Event "I liga CS 2016."]
[Site "Kragujevac,hotel Sumarice"]
[Date "2016.09.16"]
[Round "9.3"]
[White "Djordjevic, Vuk"]
[Black "Zivkovic, Nemanja"]
[Result "1-0"]
[WhiteElo "2416"]
[BlackElo "2260"]
[PlyCount "85"]
[EventDate "2016.09.10"]

1. e4 e5 2. Nf3 Nf6 3. Nxe5 d6 4. Nf3 Nxe4 5. d4 d5 6. Bd3 Nc6 7. O-O Nb4 8.
Re1 Be7 9. Bxe4 dxe4 10. Rxe4 Bf5 11. Re2 O-O 12. a3 Nc6 13. c3 Bg4 14. Re4 f5
15. Re1 Qd5 16. Bf4 Bxf3 17. Qxf3 Qxf3 18. gxf3 Bd6 19. Bxd6 cxd6 20. Nd2 Rf6
21. Re2 Rc8 22. Rae1 Rc7 23. Re6 Kf7 24. Rxf6+ Kxf6 25. f4 Re7 26. Re3 b5 27.
Kf1 a5 28. d5 Rxe3 29. fxe3 Ne7 30. c4 bxc4 31. Nxc4 Nxd5 32. a4 Nb4 33. Nxa5
Nd3 34. Nc4 d5 35. a5 Nb4 36. Ne5 g5 37. Ke2 g4 38. Nd3 Nc6 39. a6 h5 40. b4
Na7 41. Ne1 h4 42. Nc2 h3 43. Kf2 1-0

[Event "I liga CS 2016."]
[Site "Kragujevac,hotel Sumarice"]
[Date "2016.09.16"]
[Round "9.3"]
[White "Stankovic, Ivan G"]
[Black "Brankovic, Dejan"]
[Result "0-1"]
[WhiteElo "2293"]
[BlackElo "2352"]
[PlyCount "106"]
[EventDate "2016.09.10"]

1. b3 e5 2. Bb2 d6 3. e3 g6 4. f4 Bg7 5. Nf3 Nf6 6. fxe5 Ng4 7. Bc4 O-O 8. O-O
Nc6 9. Be2 Ngxe5 10. Nxe5 Nxe5 11. d4 Nc6 12. Bf3 Qg5 13. Re1 Re8 14. Qd2 Bh6
15. Bc1 Bg4 16. Bxg4 Qxg4 17. c3 Re4 18. Na3 Rae8 19. Qf2 a6 20. Bd2 f5 21. Nc2
Nd8 22. Nb4 c6 23. Nd3 Nf7 24. Nf4 d5 25. c4 dxc4 26. h3 Qg5 27. bxc4 Nd6 28.
c5 Nc4 29. Rac1 Nxd2 30. Qxd2 Qe7 31. Kf2 Bxf4 32. exf4 Qh4+ 33. Kf1 Qxf4+ 34.
Qxf4 Rxf4+ 35. Kg1 Rxe1+ 36. Rxe1 Rxd4 37. Re7 Rb4 38. Kf2 a5 39. Ke3 h5 40. a3
Rb2 41. Kf4 Kf8 42. Rh7 Rxg2 43. Rxb7 Rc2 44. Kg5 Rxc5 45. Kxg6 h4 46. Rb3 Ke7
47. Re3+ Kd6 48. Kg5 Rc4 49. Kxf5 Kc5 50. Ke5 Rd4 51. Re1 Rd5+ 52. Ke4 Kc4 53.
Rg1 Rd3 0-1

[Event "I liga CS 2016."]
[Site "Kragujevac,hotel Sumarice"]
[Date "2016.09.16"]
[Round "9.3"]
[White "Gajic, Mladen"]
[Black "Milosevic, Aleksandar"]
[Result "1-0"]
[WhiteElo "2346"]
[BlackElo "2269"]
[PlyCount "55"]
[EventDate "2016.09.10"]

1. e4 c5 2. c3 d5 3. exd5 Qxd5 4. d4 Nf6 5. Nf3 e6 6. Na3 Qd8 7. Nc4 Nc6 8. Be3
Nd5 9. Bd3 Nxe3 10. fxe3 g6 11. Nfe5 Bg7 12. Nxc6 bxc6 13. Qa4 Qc7 14. dxc5 O-O
15. O-O-O f5 16. h4 h5 17. Nd6 Bd7 18. e4 Bf6 19. exf5 exf5 20. g4 fxg4 21. Qe4
Bf5 22. Nxf5 gxf5 23. Qxf5 Qe7 24. Qxh5 Rfd8 25. Rhg1 Rxd3 26. Rxd3 Rf8 27.
Qxg4+ Bg7 28. Rdg3 1-0

[Event "I liga CS 2016."]
[Site "Kragujevac,hotel Sumarice"]
[Date "2016.09.16"]
[Round "9.3"]
[White "Vlahovic, Bogdan"]
[Black "Mladenovic, Stefan"]
[Result "1/2-1/2"]
[WhiteElo "2312"]
[BlackElo "2273"]
[PlyCount "26"]
[EventDate "2016.09.10"]

1. Nf3 Nf6 2. c4 e6 3. b3 d5 4. Bb2 Be7 5. g3 O-O 6. Bg2 c5 7. O-O Nc6 8. d3 d4
9. e4 e5 10. Na3 a6 11. Nc2 b5 12. Bc1 bxc4 13. bxc4 Rb8 1/2-1/2

[Event "I liga CS 2016."]
[Site "Kragujevac,hotel Sumarice"]
[Date "2016.09.16"]
[Round "9.3"]
[White "Ivic, Matija"]
[Black "Krstic, Ranko"]
[Result "1-0"]
[WhiteElo "2156"]
[BlackElo "2206"]
[PlyCount "51"]
[EventDate "2016.09.10"]

1. d4 d6 2. g3 Nf6 3. Bg2 g6 4. Nf3 Bg7 5. O-O O-O 6. c4 Nc6 7. Nc3 Bg4 8. h3
Bxf3 9. Bxf3 Nd7 10. e3 e5 11. dxe5 Ndxe5 12. Be2 Re8 13. Kg2 a5 14. Rb1 Nb4
15. a3 Na6 16. Qc2 Nc6 17. b3 Nc5 18. Bb2 Nd7 19. Rfd1 Rc8 20. Nd5 f6 21. h4
Ne7 22. Nf4 Nf8 23. Qc3 Qd7 24. Qxa5 Ne6 25. Bf3 c5 26. Qxc5 1-0

[Event "I liga CS 2016."]
[Site "Kragujevac,hotel Sumarice"]
[Date "2016.09.16"]
[Round "9.5"]
[White "Cvetkovic, Zoran"]
[Black "Chatalbashev, Boris"]
[Result "0-1"]
[WhiteElo "1728"]
[BlackElo "2542"]
[PlyCount "68"]
[EventDate "2016.09.10"]

1. e4 c5 2. Nc3 Nc6 3. a3 e6 4. Nf3 Nf6 5. d4 cxd4 6. Nxd4 Qc7 7. Ndb5 Qb8 8.
Be3 Be7 9. Be2 O-O 10. f4 d6 11. O-O a6 12. Nd4 Qc7 13. Nb3 b5 14. Bf3 Bb7 15.
Qe2 Rac8 16. Rad1 Rfe8 17. Rfe1 Nd7 18. Qf2 Bf8 19. Qg3 b4 20. Nb1 a5 21. Qf2
a4 22. N3d2 d5 23. Nf1 d4 24. Bc1 Bc5 25. Rd3 Ba6 26. Rd2 Qxf4 27. Kh1 Nde5 28.
Qg3 Qxg3 29. Nxg3 Nxf3 30. gxf3 Ne5 31. Kg2 Nc4 32. Rdd1 bxa3 33. Nxa3 Nxa3 34.
bxa3 Bb6 0-1

[Event "I liga CS 2016."]
[Site "Kragujevac,hotel Sumarice"]
[Date "2016.09.16"]
[Round "9.5"]
[White "Mijailovic, Zoran"]
[Black "Ilic, Zoran S"]
[Result "1/2-1/2"]
[WhiteElo "2411"]
[BlackElo "2279"]
[PlyCount "26"]
[EventDate "2016.09.10"]

1. d4 Nf6 2. c4 e6 3. Nf3 c5 4. d5 d6 5. Nc3 exd5 6. cxd5 g6 7. h3 a6 8. a4 Qe7
9. Bg5 h6 10. Bh4 Bg7 11. e3 O-O 12. Be2 g5 13. Bg3 Bf5 1/2-1/2

[Event "I liga CS 2016."]
[Site "Kragujevac,hotel Sumarice"]
[Date "2016.09.16"]
[Round "9.5"]
[White "Milosavljevic, Ivan"]
[Black "Radusinovic, Lazar"]
[Result "0-1"]
[WhiteElo "2113"]
[BlackElo "2349"]
[PlyCount "54"]
[EventDate "2016.09.10"]

1. e4 c5 2. Nf3 Nc6 3. d4 cxd4 4. Nxd4 e5 5. Nb5 d6 6. N1c3 a6 7. Na3 b5 8. Nd5
Nge7 9. Bg5 f6 10. Qh5+ g6 11. Nxf6+ Kf7 12. Qh4 h6 13. Nd5 hxg5 14. Qxh8 Qa5+
15. b4 Nxb4 16. Qf6+ Ke8 17. Bxb5+ axb5 18. O-O Nbxd5 19. exd5 Qxa3 20. Rab1
Qc5 21. Rb3 Rxa2 22. Qxg5 Qxd5 23. Rd3 Qe6 24. Rfd1 Nf5 25. Rc3 Bd7 26. h3 Ra4
27. Rc7 Bh6 0-1

[Event "I liga CS 2016."]
[Site "Kragujevac,hotel Sumarice"]
[Date "2016.09.16"]
[Round "9.5"]
[White "Nadj Hedjesi, Balind"]
[Black "Todorovic, Nenad I"]
[Result "1-0"]
[WhiteElo "2311"]
[BlackElo "2251"]
[PlyCount "75"]
[EventDate "2016.09.10"]

1. e4 c5 2. Ne2 d6 3. g3 Nc6 4. Bg2 e5 5. c3 g6 6. d4 Bg7 7. d5 Nb8 8. O-O Ne7
9. a4 O-O 10. b4 Nd7 11. a5 b5 12. axb6 Qxb6 13. Bg5 f6 14. Be3 f5 15. f3 fxe4
16. fxe4 Rxf1+ 17. Qxf1 Qb5 18. Bg5 Bf8 19. Bh3 Nb6 20. Bxc8 Nexc8 21. Nd2 Be7
22. c4 Qxb4 23. Bh6 Nxc4 24. Nxc4 Qxc4 25. Qh3 Kf7 26. Qd7 Qxe2 27. Rf1+ Qxf1+
28. Kxf1 Nb6 29. Qe6+ Ke8 30. Bg5 Nc8 31. h4 a5 32. Bxe7 Nxe7 33. Qxd6 a4 34.
Qxe5 Kd7 35. Qe6+ Kd8 36. d6 Nc8 37. d7 Ne7 38. Qb6+ 1-0

[Event "I liga CS 2016."]
[Site "Kragujevac,hotel Sumarice"]
[Date "2016.09.16"]
[Round "9.5"]
[White "Djukic, Nebojsa"]
[Black "Ravic, Nenad"]
[Result "1/2-1/2"]
[WhiteElo "2196"]
[BlackElo "2282"]
[PlyCount "27"]
[EventDate "2016.09.10"]

1. e4 e6 2. d4 d5 3. Nd2 Be7 4. e5 c5 5. c3 Nc6 6. Ne2 Bd7 7. f4 Nh6 8. Nf3 Nf5
9. g3 cxd4 10. Nexd4 Nfxd4 11. Nxd4 Qb6 12. Qb3 Bc5 13. Qxb6 Bxb6 14. Be3
1/2-1/2

[Event "I liga CS 2016."]
[Site "Kragujevac,hotel Sumarice"]
[Date "2016.09.16"]
[Round "9.5"]
[White "Elez, Nikola"]
[Black "Grkovic, Vladan"]
[Result "1/2-1/2"]
[WhiteElo "2211"]
[BlackElo "2178"]
[PlyCount "40"]
[EventDate "2016.09.10"]

1. e4 e6 2. Nc3 d5 3. g3 dxe4 4. Nxe4 Bd7 5. Nf3 Bc6 6. Qe2 Nf6 7. Nxf6+ Qxf6
8. Bg2 Nd7 9. O-O Bd6 10. d4 O-O 11. Re1 Rfe8 12. c4 Bb4 13. Rd1 Bxf3 14. Bxf3
e5 15. Bxb7 exd4 16. Qf3 Rab8 17. a3 Be7 18. Bf4 Bd6 19. Bxd6 Qxd6 20. b4 Ne5
1/2-1/2

[Event "I LIGA CS 2016"]
[Site "Kragujevac"]
[Date "2016.09.16"]
[Round "9.7"]
[White "Lalic, Bogdan"]
[Black "Petkov, Vladimir"]
[Result "1/2-1/2"]
[WhiteElo "2434"]
[BlackElo "2514"]
[PlyCount "43"]
[EventDate "2016.??.??"]
[WhiteClock "1:34:04"]
[BlackClock "1:34:26"]

1. d4 Nf6 2. c4 e6 3. Nf3 d5 4. Nc3 dxc4 5. e4 Bb4 6. Bg5 c5 7. Bxc4 cxd4 8.
Nxd4 Bxc3+ 9. bxc3 Qa5 10. Bxf6 Qxc3+ 11. Kf1 gxf6 12. Rc1 Qa5 13. Bb5+ Ke7 14.
e5 fxe5 15. Qh5 Nd7 16. Qg5+ Kf8 17. Rxc8+ Rxc8 18. Bxd7 Qd8 19. Nxe6+ fxe6 20.
Qh6+ Kf7 21. Qxe6+ Kf8 22. Qf5+ 1/2-1/2

[Event "I LIGA CS 2016"]
[Site "Kragujevac"]
[Date "2016.09.16"]
[Round "9.8"]
[White "Paunovic, Tomislav"]
[Black "Peric, Slavisa"]
[Result "1-0"]
[WhiteElo "2347"]
[BlackElo "2160"]
[PlyCount "49"]
[EventDate "2016.??.??"]
[WhiteClock "0:27:51"]
[BlackClock "0:16:53"]

1. Nf3 Nf6 2. c4 b6 3. Nc3 Bb7 4. b3 e6 5. Bb2 c5 6. e3 Be7 7. g4 d6 8. Rg1 h6
9. Be2 a6 10. Qc2 Nc6 11. a3 Qc7 12. h4 O-O-O 13. g5 hxg5 14. hxg5 Nd7 15. d4
cxd4 16. exd4 Na5 17. Nd2 d5 18. cxd5 Bxd5 19. Rc1 Kb7 20. Qd3 Qh2 21. Qxa6+
Kb8 22. Nb5 Nc5 23. Qxb6+ Nab7 24. Rg3 Rd7 25. Qa6 1-0

[Event "I LIGA CS 2016"]
[Site "Kragujevac"]
[Date "2016.09.16"]
[Round "9.9"]
[White "Maksimovic, Branimir"]
[Black "Manic, Jovica"]
[Result "1-0"]
[WhiteElo "2341"]
[BlackElo "2264"]
[PlyCount "91"]
[EventDate "2016.??.??"]
[WhiteClock "0:34:09"]
[BlackClock "0:58:17"]

1. Nf3 Nf6 2. d4 c5 3. d5 e6 4. c4 b5 5. Bg5 h6 6. Bxf6 Qxf6 7. Nc3 b4 8. Nb5
Na6 9. e4 e5 10. a3 Bb7 11. g3 Bd6 12. h4 Nc7 13. h5 Nxb5 14. cxb5 Bc7 15. Nd2
O-O 16. a4 Qe7 17. Nc4 d6 18. Ne3 Bc8 19. Bh3 a6 20. Bxc8 Rfxc8 21. bxa6 Rxa6
22. b3 Kh7 23. Nf5 Qf6 24. Rc1 Raa8 25. Rc2 Rg8 26. Qd3 Rae8 27. Qe2 Qd8 28.
Qf3 Qd7 29. Ne3 Rgf8 30. Ke2 Ra8 31. Qf5+ Qxf5 32. Nxf5 Ra6 33. Kd3 Bd8 34. Kc4
Bg5 35. f3 Rb6 36. Rf2 g6 37. hxg6+ fxg6 38. f4 exf4 39. gxf4 Bxf4 40. Rxf4
gxf5 41. Rxf5 Rg8 42. Rf7+ Kg6 43. Re7 Rh8 44. Re6+ Kg5 45. e5 Rf8 46. Rxd6 1-0

[Event "I LIGA CS 2016"]
[Site "Kragujevac"]
[Date "2016.09.16"]
[Round "9.10"]
[White "Jovanovic, Bojan P"]
[Black "Panic, Nenad"]
[Result "0-1"]
[WhiteElo "2236"]
[BlackElo "2340"]
[PlyCount "84"]
[EventDate "2016.??.??"]
[WhiteClock "0:24:46"]
[BlackClock "0:32:46"]

1. d4 Nf6 2. c4 e6 3. Nf3 c5 4. d5 exd5 5. cxd5 d6 6. Nc3 g6 7. Bf4 a6 8. a4
Bg7 9. h3 O-O 10. e3 Qe7 11. Nd2 Nbd7 12. Be2 Rb8 13. Nc4 Ne8 14. Qb3 f5 15.
O-O g5 16. Bh2 f4 17. exf4 gxf4 18. Rfe1 Qh4 19. Bg4 Bd4 20. Re2 Ndf6 21. Bxc8
Rxc8 22. Nd2 Rc7 23. Nf3 Qh5 24. Kf1 Rg7 25. Nb1 Qg6 26. Ne1 Nh5 27. Nd2 Ng3+
28. Bxg3 fxg3 29. f3 Qf5 30. Nc2 Be5 31. Nc4 Bf4 32. Rae1 Nf6 33. Nb6 Nh5 34.
Qc3 Be5 35. Rxe5 dxe5 36. Rxe5 Qg6 37. Re6 Qf7 38. Nc4 Nf4 39. Nd6 Qh5 40. Re5
Qxh3 41. Qe3 Qxg2+ 42. Ke1 Qxc2 0-1

[Event "I LIGA CS 2016"]
[Site "Kragujevac"]
[Date "2016.09.16"]
[Round "9.11"]
[White "Ilic, Dragan M"]
[Black "Todorovic, Bojan"]
[Result "0-1"]
[WhiteElo "2333"]
[BlackElo "2348"]
[PlyCount "68"]
[EventDate "2016.??.??"]
[WhiteClock "0:01:00"]
[BlackClock "0:02:06"]

1. d4 Nf6 2. c4 g6 3. Nc3 Bg7 4. e4 d6 5. f4 O-O 6. Nf3 Na6 7. Bd3 e5 8. fxe5
dxe5 9. d5 c6 10. O-O cxd5 11. cxd5 Ne8 12. Bg5 Qb6+ 13. Kh1 f6 14. Na4 Qd8 15.
Bh4 Nd6 16. Rc1 Bh6 17. Rc3 Qa5 18. Be1 Qd8 19. Bh4 Qa5 20. a3 Bd7 21. Nc5 Qxc3
22. Nxd7 Qxb2 23. Bxf6 Rxf6 24. Nxf6+ Kh8 25. Qe1 Nc5 26. Qh4 Nf7 27. Ng5 Nxg5
28. Qxh6 Nxd3 29. Qxg5 Rf8 30. h4 Qe2 31. Kg1 Nf4 32. Rf2 Qe1+ 33. Rf1 Ne2+ 34.
Kh2 Qxf1 0-1

[Event "I LIGA CS 2016"]
[Site "Kragujevac"]
[Date "2016.09.16"]
[Round "9.12"]
[White "Arandjelovic, Aleksandar Z"]
[Black "Zivkovic, Vladislav"]
[Result "0-1"]
[WhiteElo "2049"]
[BlackElo "2166"]
[PlyCount "98"]
[EventDate "2016.??.??"]
[WhiteClock "0:21:10"]
[BlackClock "0:19:44"]

1. Nf3 d5 2. c4 e6 3. g3 c5 4. Bg2 Nc6 5. O-O Nf6 6. cxd5 exd5 7. d3 Be7 8.
Nbd2 O-O 9. Re1 Bg4 10. h3 Bxf3 11. Nxf3 d4 12. Nh4 Qd7 13. Bg5 h6 14. Bd2 Rfe8
15. Qb3 Kf8 16. a3 Rad8 17. Rac1 Nd5 18. Nf3 Kg8 19. Rc2 Bf8 20. Kh2 Nf6 21.
Qa4 a6 22. Ng1 Qf5 23. Nf3 Qd7 24. Ng1 Re6 25. Rec1 b5 26. Qb3 Ne5 27. Nf3 c4
28. Qa2 cxd3 29. Nxe5 Rxe5 30. exd3 Qf5 31. Ba5 Rde8 32. b4 Qh5 33. f3 Re1 34.
Bc7 Rxc1 35. Rxc1 Qf5 36. Qd2 Nd5 37. g4 Qe6 38. Bg3 Qe2 39. Rc2 Qe6 40. f4 Ne3
41. Rc6 Nf1+ 42. Bxf1 Qxc6 43. h4 Bd6 44. Bg2 Qc3 45. Qa2 Qc7 46. Bf2 Bxf4+ 47.
Kh3 Qd7 48. Be4 Rxe4 49. dxe4 d3 0-1